Living with minerals (Record no. 54731)

MARC details
000 -LEADER
fixed length control field 00825cab a2200217 4500
001 - CONTROL NUMBER
control field WB3423-39
008 - FIXED-LENGTH DATA ELEMENTS--GENERAL INFORMATION
fixed length control field 090401t1998 xxu||||| |||| 00| 0 eng d
035 ## - SYSTEM CONTROL NUMBER
System control number (Sirsi) u86911
041 ## - LANGUAGE CODE
Language code of text/sound track or separate title eng
245 ## - TITLE STATEMENT
Title Living with minerals
260 ## - PUBLICATION, DISTRIBUTION, ETC.
Date of publication, distribution, etc. 1998
350 ## - PRICE (NR) (BK AM CF MU VM SE) [OBSOLETE]
Price 0
490 ## - SERIES STATEMENT
Series statement Daily Telegraph
Volume/sequential designation 19 June 1998, 36-37(2) LOAN
520 ## - SUMMARY, ETC.
Summary, etc. The quarry industry is launching Minerals `98 to promote the minerals industry in the UK. Discusses the possibility of an environmental tax on aggregates, restoration of former mineral sites and the role of the British Geological Survey within the industry. Map shows major workings of minerals in the UK.
650 ## - SUBJECT ADDED ENTRY--TOPICAL TERM
Topical term or geographic name entry element BRITISH GEOLOGICAL SURVEY
650 ## - SUBJECT ADDED ENTRY--TOPICAL TERM
Topical term or geographic name entry element LAND RECLAMATION
650 ## - SUBJECT ADDED ENTRY--TOPICAL TERM
Topical term or geographic name entry element MINERALS `98
690 ## - LOCAL SUBJECT ADDED ENTRY--TOPICAL TERM (OCLC, RLIN)
Topical term or geographic name as entry element MINING AND MINERALS
942 ## - ADDED ENTRY ELEMENTS (KOHA)
Suppress in OPAC 0
948 ## - LOCAL PROCESSING INFORMATION (OCLC); SERIES PART DESIGNATOR (RLIN)
c (OCLC) 19/06/1998
Holdings
Withdrawn status Lost status Source of classification or shelving scheme Damaged status Not for loan Home library Current library Shelving location Date acquired Total Checkouts Full call number Barcode Date last seen Copy number Price effective from Koha item type Cost, normal purchase price Cost, replacement price
    Dewey Decimal Classification     London London News article 14/09/1999   WB3423-39 30052989 06/08/2019 1 06/08/2019 News article    
    Dewey Decimal Classification     London London News article 14/09/1999   WB3423-39 30054362 06/08/2019 2 06/08/2019 News article 5.00 5.00